• 首页
  • 本馆介绍
  • 公告通知
  • 最新文献
  • 馆藏检索
  • 电子资源
  • 读者导购
  • 参考咨询
  • 我的图书馆
  • 登录
  • 详细信息显示
  • 放入我的书架
  • 预约/预借图书
  • 作者相关作品
  • 分类相关作品
  • 丛书相关作品
  • 出版社相关作品

书目信息

  • 表格格式
  • 工作单格式
  • 卡片格式
题名:
机械检查工必读
    
 
作者: ;天津市第一机械工业局 主编
分册:  
出版信息: 北京   机械工业出版社  1982
页数: 476页
开本: 19cm
丛书名: 工人技术等级标准自学丛书
单 册:
中图分类: TH17
科图分类:
主题词: 机械--运行 , 机械维修 , 机械--检查--技术教育--自学参考资料
电子资源:
ISBN:
000 00814nam2 2200277 45
001 0182010610
005 20060815153528.91
010    @dCNY1.05
091    @a15033.5308
100    @a19950609d1982 em y0chiy0121 ea
101 0  @achi
102    @aCN@b110000
105    @ay z 000yy
200 10 @a机械检查工必读@Aji xie jian cha gong bi du@f天津市第一机械工业局主编
210    @a北京@c机械工业出版社@d1982
215    @a476页@d19cm
225 2  @a工人技术等级标准自学丛书
410  0 @120010@a工人技术等级标准自学丛书
606 0  @a机械@x运行
606 0  @a机械维修
606    @a机械@x检查@x技术教育@x自学参考资料
690    @aTH17@v3
711 02 @a天津市第一机械工业局@Atian jin shi di yi ji xie gong ye ju@4主编
801  0 @aCN@bTSSF@c20060815
801  2 @aCN@bNLC@c20060731
905    @a10447@dTH17@e11
    
    机械检查工必读/天津市第一机械工业局主编.-北京:机械工业出版社,1982
    476页;19cm.-(工人技术等级标准自学丛书)
    
    
    ISBN :CNY1.05
    
●
相关链接 在E读中查询图书 在五车中查询图书 在当当中查询图书 在豆瓣中查询图书


正题名:机械检查工必读     索取号:TH17/11         预约/预借

序号 登录号 条形码 馆藏地/架位号 状态 备注
1 0439042   204390426   密集书库/ [索取号:TH17/11] 在馆    
2 0458569   204585699   密集书库/ [索取号:TH17/11] 在馆    
唐山师范学院图书馆 欢迎您!
大连网信软件有限公司© 版权所有